| 000 | 00839nam a22002657a 4500 | ||
|---|---|---|---|
| 003 | CHAP | ||
| 005 | 20220329135353.0 | ||
| 008 | 971013s r 00010 d | ||
| 010 | _a35211 | ||
| 011 | _a36183 | ||
| 035 | _a40302 | ||
| 040 | _cCHAP | ||
| 090 | _aR-1018 | ||
| 100 | 0 | 0 |
_aOppenheimer, Chanan. _983379 |
| 245 | _aOn citrus fertilization ; with special reference to seediness and seedlessness od the Jaffa orange | ||
| 500 | _aSobretiro de : Hadar. 8 (10/11) : 3-28, 1935 | ||
| 590 |
_aBATCH-UPD _b10 _c20130110 _lUCH01 _h2249 |
||
| 590 |
_aBATCH-UPD _b10 _c20130410 _lUCH01 _h1543 |
||
| 590 |
_aBATCH-UPD _b10 _c20130914 _lUCH01 _h1836 |
||
| 590 |
_aCONVERSION _b10 _c20130109 _lUCH01 _h1320 |
||
| 650 | 1 | 4 |
_aNaranja _xFertilización. _980161 |
| 901 | _aBK | ||
| 942 | _cREIMP | ||
| 949 |
_aR-1018 _bBC _cR _d-92150 _eTS1 _i40302 _si |
||
| 999 |
_c35211 _d35211 |
||